XXII Seminario Fundación FECAC : directrices para celebrar reuniones directrices para celebrar reuniones
Descripción Física:
[96] p. ; 29 cm
Materias:
Reunions
MARC
| LEADER | 00000nam a2200000Ia 4500 | ||
|---|---|---|---|
| 001 | 23860 | ||
| 003 | BGR | ||
| 005 | 20260324180628.0 | ||
| 008 | 160829s2010 xx 000 0 cat d | ||
| 080 | |a Bib-84 | ||
| 245 | |a XXII Seminario Fundación FECAC : |b directrices para celebrar reuniones | ||
| 260 | |a Barcelona : |b Diputació de Barcelona. Àrea de Cultura, |c 2010 | ||
| 300 | |a [96] p. ; |c 29 cm | ||
| 650 | 0 | |a Reunions |9 41871 | |
| 710 | 1 | |a Barcelona (Catalunya : Província). |b Àrea de Cultura |9 53536 | |
| 710 | 2 | |a Fundación Federación de Entidades Andaluzas en Catalunya |9 70919 | |
| 901 | |a Arxiu | ||
| 942 | |n 1 |2 udc |c MON | ||
| 952 | |0 0 |1 0 |4 0 |6 BIB84 |7 1 |9 56117 |a Arxiu |b Arxiu |d 2016-12-01 |l 0 |o Bib-84 |p 23860 |r 2016-12-01 00:00:00 |w 2016-12-01 |y ARXIU | ||
| 999 | |c 59993 |d 59993 | ||